Countries whose Capitals are not the Largest Cities - Statistics

General Stats
  • This quiz has been taken 3,863 times
    3,780 since last reset
  • The average score is 23 of 36
Answer Stats
Countries % Correct
United States
95%
Brazil
94%
Canada
94%
Australia
93%
China
90%
New Zealand
89%
South Africa
87%
Nigeria
82%
Turkey
82%
Bolivia
81%
India
81%
Pakistan
78%
Ecuador
77%
Switzerland
77%
Morocco
76%
Vietnam
76%
United Arab Emirates
70%
Kazakhstan
67%
Tanzania
65%
Myanmar
64%
Belize
60%
Sri Lanka
54%
Ivory Coast
51%
Palau
51%
Malta
50%
F.S. of Micronesia
48%
Liechtenstein
48%
Benin
45%
Cameroon
45%
Burundi
41%
San Marino
41%
Gambia
32%
Trinidad and Tobago
32%
Philippines
31%
Equatorial Guinea
30%
Taiwan
30%
No matching quizzes found
Score Distribution
Percent of People with Each Score
Percentile by Number Answered
Your Score History
You have not taken this quiz since the last reset